| 000 | 00769 a2200133 4500 | ||
|---|---|---|---|
| 003 | Nust | ||
| 005 | 20230819100922.0 | ||
| 040 | _cNust | ||
| 082 | _a519.72,LIN | ||
| 245 | _aLinear Suppliment DataBook | ||
| 260 | _bNational Semiconductor Corporation | ||
| 505 | _aSections 1 Amplifiers (Page-1-7), Section 2 Comparators (Page9-73) Sections 3 Voltage Regulators (Page-1-51), Voltage Reference (Page-4-8), Sections 5 Converters (Page-8-8), Sections 6 Analog Switches (Page-6-27), Sections 8 Sensors (Page-9-58), Sections 9 Filters (Page-9-1), Building Blocks (Page-10-1), Motor Controllers (Page-11-1), Telecommunications Circuits (Page-13-1), Speech (Page-13-7), Special Analog Functions (Page-12-4), Sections 16 Physical Dimensions (Page-16-1). | ||
| 942 |
_2ddc _cBK |
||
| 999 |
_c189181 _d189181 |
||